| 000 | 00858nam a2200217 i 4500 | ||
|---|---|---|---|
| 001 | 182379 | ||
| 003 | ES-MaACL | ||
| 005 | 20250808063200.0 | ||
| 008 | 130807s1922 sp |||| | spa d | ||
| 100 | 1 |
_aThierry, Augustin, _d1795-1856 _9133216 |
|
| 245 | 1 | 0 |
_aRelatos de los tiempos merovingios _b: historia / _cAgustin Thierry ; la traducción del francés ha sido hecha por Eduardo del Palacio. |
| 260 |
_aMadrid : _b["Calpe"], _c1922. |
||
| 300 |
_a2 v. ; _c15 cm. |
||
| 490 | 1 |
_aColección universal ; _v589-590 |
|
| 650 | 4 |
_aMerovingios. _9136489 |
|
| 651 | 4 |
_aFrancia- _xHistoria _98679 |
|
| 700 | 1 |
_aPalacio, Eduardo L. del, _d1872-1969 _988364 |
|
| 830 | 0 |
_aColección universal ; _v589-590 _9181688 |
|
| 852 |
_aES-MaACL _j2321-F-3-4 _z.- Donat. de los herederos de la bibl. de Mª del Pilar Costa Palacín |
||
| 999 |
_c182379 _d182379 |
||